00000000nam##2200000za#4500
0019.590476
003CaOODSP
00520210624200138
007cr |||||||||||
008150406|1988||||xxc|||||o    f|0| 0 fre|d
040 |aCaOODSP|bfre
041 |aeng
041 |afre
043 |an-cn---
0861 |aS52-2/184-2-PDF
1101 |aCanada.|bTravaux publics et Services gouvernementaux Canada.|bBureau de la traduction.
24510|aVocabulaire de l'intelligence artificielle. Volume II / |h[ressource électronique]|c[par] Noël Lazure.
260 |aOttawa - Ontario : |bTravaux publics et Services gouvernementaux Canada. |cc1988.
300 |a504p.
4901 |aBulletin de terminologie|vN° 184-2
500 |aÉdition numérisée de l'imprimé. [Produit par les Éditions et Services de dépôt, 2014.] Publié par le Bureau des traductions, Direction générale de la terminologie et des services linguistiques.—Introd.
504 |aBibliographie.
590 |a14-22-Supp|b2014-12-24
7201 |aLazure, Noël
791 |tArtificial intelligence vocabulary. Volume II / |eeng|w(CaOODSP)9.590475
830#0|aBulletin de terminologie ;|vN° 184-2|w(CaOODSP)9.500140
85640|ahttp://publications.gc.ca|qPDF|s3435 Ko|uhttps://publications.gc.ca/collections/collection_2014/tpsgc-pwgsc/S52-2-184-2.pdf|yN° 184-2